000 00541nam a22001577a 4500
003 OSt
005 20260415021954.0
008 260415b |||||||| |||| 00| 0 eng d
040 _aDWC-Main lib.
_cOC
082 _aFil. 343.0928 R426
245 _aR. A. 9136 electric power industry reform act of 2001:
_bdistribution code/
260 _aManila, Philippines :
_bDepartment of Energy,
_cc2001.
300 _axii, 114 p. :
_c20 cm.
650 _a1. Laws - Philippines I. Philippines Department of Energy.
942 _2ddc
_cBK - FIL
_hFil.
_n0
999 _c9435
_d9435